000
00213nam a22000857a 4500
008
161103b xxu||||| |||| 00| 0 eng d
100
_9
1019
_a
verma h. c
245
_a
physics class- x
260
_a
New delhi
_b
Bharati
_c
2012
999
_c
3678
_d
3678